Smite 2 Gods - Statistics

General Stats
  • This quiz has been taken 31 times
  • The average score is 39 of 60
Answer Stats
Hint Answer % Correct
Egyptian Anubis
92%
Greek Aphrodite
85%
Voodoo Baron Samedi
85%
Norse Loki
85%
Arthurian Mordred
85%
Norse Odin
85%
Egyptian Ra
85%
Norse Thor
85%
Greek Zeus
85%
Greek Achilles
77%
Tales of Arabia Aladdin
77%
Greek Apollo
77%
Chinese Jing Wei
77%
Arthurian Merlin
77%
Egyptian Neith
77%
Greek Poseidon
77%
Egyptian Sobek
77%
Greek Thanatos
77%
Yoruba Yemoja
77%
Norse Ymir
77%
Roman Bellona
69%
Maya Cabrakan
69%
Greek Cerberus
69%
Hindu Ganesha
69%
Egyptian Geb
69%
Roman Hercules
69%
Chinese Hua Mulan
69%
Japanese Izanami
69%
Chinese Nu Wa
69%
Polynesian Pele
69%
Hindu Agni
62%
Egyptian Anhur
62%
Greek Ares
62%
Greek Athena
62%
Celtic Cernunnos
62%
Norse Fenrir
62%
Greek Hecate
62%
Maya Kukulkan
62%
Greek Medusa
62%
Roman Vulcan
62%
Greek Artemis
54%
Maya Awilix
54%
Roman Cupid
54%
Chinese Guan Yu
54%
Greek Hades
54%
Hindu Kali
54%
Norse Sol
54%
Japanese Amaterasu
46%
Roman Bacchus
46%
Maya Chaac
46%
Egyptian Khepri
46%
Greek Nemesis
46%
Hindu Rama
46%
Greek Scylla
46%
Japanese Susano
46%
Japanese Danzaburou
38%
Maya Hun Batz
38%
Korean Princess Bari
38%
Celtic The Morrigan
38%
Norse Ullr
31%
No matching quizzes found
Score Distribution
Percent of People with Each Score
Percentile by Number Answered
Your Score History
You have not taken this quiz